Cursus juris canonici hispani et indici in quo, juxta ordinem titulorum decretalium non solum Canonicae decisiones afferuntur sed...

Detalles Bibliográficos
Autor principal: MURILLO VELARDE, Pedro
Formato: Libro
Publicado: Madrid 1791
Edición:3a. ed.
Materias:
Colección:Banco de datos
Acervo:Biblioteca del Ex Convento de Nuestra Señora de Guadalupe. Zacatecas
Descripción Física:t. I
Tema general:Derecho Eclesiástico
Notas:Buena. III,4,1(786)
LEADER 00851nam a22002170004500
035 |a 39147 
036 |a 331 
100 1 |a MURILLO VELARDE, Pedro 
245 1 0 |a Cursus juris canonici hispani et indici in quo, juxta ordinem titulorum decretalium non solum Canonicae decisiones afferuntur sed...  |c adnot. Joannis Martini a Villanueva 
250 |a 3a. ed. 
260 |a Madrid  |b Tipografía Ulloae a Ramón Ruíz  |c 1791 
300 |a t. I 
500 |a Buena. III,4,1(786) 
650 1 0 |a Derecho Eclesiástico 
949 |a CRZ-CG 
959 |a Ex convento de Nuestra Señora de Guadalupe, Museo Regional de Zacatecas, Zacatecas  |b CCC4 
960 |a Convento de Nuestra Señora de Guadalupe, Zacatecas  |b DD87 
961 |a Franciscana  |b OF 
942 |c CRZ-CG 
943 |g Biblioteca del Ex Convento de Nuestra Señora de Guadalupe. Zacatecas 
999 |c 963274  |d 963274